Arts and the man: a short introduction to aesthetics

Guardat en:
Dades bibliogràfiques
Autor principal: Edman, Irwin (Autor)
Format: Llibre
Idioma:anglès
Publicat: Nueva York W. W. Norton 1939
Matèries:
Etiquetes: Afegir etiqueta
Sense etiquetes, Sigues el primer a etiquetar aquest registre!

MARC

LEADER 00000nam a2200000 a 4500
001 UCP9815
003 CL-VaPUC
008 000407e19390000US |||||||||||||||||eng|d
082 0 4 |a 701.17  |b EDM  |2 21 
100 0 |a Edman, Irwin  |e author  |9 440667 
245 1 0 |a Arts and the man: a short introduction to aesthetics 
300 |a 154 p 
942 |c BK 
945 |d 20000407 00:00:00  |a crobeson 
260 |a Nueva York  |b W. W. Norton  |c 1939 
650 0 |a Estética   |9 264950 
650 0 |a Apreciación estética   |9 345969 
650 0 |a Teoría del arte  |9 387638 
650 0 |a Artes plásticas  |9 268637 
650 0 |a Música  |9 306269 
583 |a last modification  |c 20000407 00:00:00  |k Rodrigo Vera 
999 |c 286597  |d 286595 
952 |0 0  |1 0  |4 0  |6 701_170000000000000_EDM_1939  |7 0  |8 A  |9 332625  |a BIBHIS  |b BIBHIS  |d 2019-11-20  |i 1398261  |o 701.17 EDM 1939  |p 1398261  |r 2025-01-20  |w 2019-11-20  |y BK  |k HIS